Protección del conocimiento tradicional elementos conceptuales para una propuesta de reglamentación -el caso de Colombia- (Registro nro. 2203)
[ vista simple ]
| 000 -CABECERA | |
|---|---|
| Campo de control | 01306nam a2200349 a 4500 |
| 005 - FECHA Y HORA DE LA ULTIMA TRANSACCION | |
| Campo de control | 20191224041627.0 |
| 008 - ELEMENTOS DE LONGITUD FIJA—INFORMACION GENERAL | |
| Campo de control | 140121b2000 ck ||||| |||| 00| 0 spa d |
| 041 ## - IDIOMA | |
| Código de idioma para texto/pista de sonido o título separado | Español |
| 044 ## - PAÍS DE PUBLICACIÓN | |
| País de publicación | Colombia |
| 090 ## - CLASIFICACIÓN LOCAL | |
| Colección | IAvH |
| Consecutivo | 00166 |
| 100 ## - ASIENTO PRINCIPAL--NOMBRE PERSONAL | |
| Nombre personal | Sánchez, Enrique |
| 110 ## - ASIENTO PRINCIPAL--NOMBRE CORPORATIVO | |
| Nombre corporativo o de jurisdicción como elemento de entrada | Instituto de Investigación de Recursos Biológicos Alexander von Humboldt |
| Unidad subordinad | Instituto de Investigación de Recursos Biológicos Alexander von Humboldt |
| 245 ## - MENCION DE TITULO | |
| Título | Protección del conocimiento tradicional elementos conceptuales para una propuesta de reglamentación -el caso de Colombia- |
| 260 ## - PUBLICACION, DISTRIBUCION, ETC. (PIE DE IMPRENTA) | |
| Lugar de publicación, distribución, etc. | Bogotá |
| Nombre del editor, distribuidor, etc. | Instituto Alexander von Humboldt |
| Fecha de publicación, distribución, etc. | 2000 |
| 300 ## - DESCRIPCION FISICA | |
| Extensión | 382 |
| 650 ## - ASIENTO SECUNDARIO DE MATERIA - TERMINO TEMATICO | |
| Término temático o nombre geográfico como elemento de entrada | Conocimiento tradicional |
| 650 ## - ASIENTO SECUNDARIO DE MATERIA - TERMINO TEMATICO | |
| Término temático o nombre geográfico como elemento de entrada | Diversidad cultural |
| 650 ## - ASIENTO SECUNDARIO DE MATERIA - TERMINO TEMATICO | |
| Término temático o nombre geográfico como elemento de entrada | Propiedad intelectual |
| 650 ## - ASIENTO SECUNDARIO DE MATERIA - TERMINO TEMATICO | |
| Término temático o nombre geográfico como elemento de entrada | Comunidades indígenas |
| 650 ## - ASIENTO SECUNDARIO DE MATERIA - TERMINO TEMATICO | |
| Término temático o nombre geográfico como elemento de entrada | Comunidades negras |
| 650 ## - ASIENTO SECUNDARIO DE MATERIA - TERMINO TEMATICO | |
| Término temático o nombre geográfico como elemento de entrada | Comunidades locales |
| 650 ## - ASIENTO SECUNDARIO DE MATERIA - TERMINO TEMATICO | |
| Término temático o nombre geográfico como elemento de entrada | Manejo de recursos |
| 650 ## - ASIENTO SECUNDARIO DE MATERIA - TERMINO TEMATICO | |
| Término temático o nombre geográfico como elemento de entrada | Recursos genéticos |
| 650 ## - ASIENTO SECUNDARIO DE MATERIA - TERMINO TEMATICO | |
| Término temático o nombre geográfico como elemento de entrada | Legislación |
| 650 ## - ASIENTO SECUNDARIO DE MATERIA - TERMINO TEMATICO | |
| Término temático o nombre geográfico como elemento de entrada | Acceso a recursos genéticos |
| 650 ## - ASIENTO SECUNDARIO DE MATERIA - TERMINO TEMATICO | |
| Término temático o nombre geográfico como elemento de entrada | Convenio sobre diversidad biológica |
| 662 ## - ASIENTO SECUNDARIO DE MATERIA - JERARQUIA DEL NOMBRE DE LUGAR( | |
| País o entidad mayor | Colombia |
| 700 ## - ASIENTO SECUNDARIO - NOMBRE PERSONAL | |
| Nombre personal | Pardo, María del Pilar |
| 700 ## - ASIENTO SECUNDARIO - NOMBRE PERSONAL | |
| Nombre personal | Flores, Margarita |
| 700 ## - ASIENTO SECUNDARIO - NOMBRE PERSONAL | |
| Nombre personal | Ferreira, Paola |
| 942 ## - ELEMENTOS ADICIONALES (KOHA) | |
| Tipo de ítem | CD-ROM |
| Koha issues (borrowed), all copies | 4 |
| Sistema de clasificación | Local |
| Withdrawn status | Lost status | Sistema de Clasificación | Damaged status | No para préstamo | Colección | Ubicación Permanente | Ubicación actual | Fecha de adquisición | Fuente de Valor | Total Checkouts | Número topográfico | Inventario / Código de Barras | Date last seen | Ejemplar | Price effective from | Forma de adquisición | Tipo de material | Inventariado | Valor | Public note | Total Renewals | Date checked out |
|---|---|---|---|---|---|---|---|---|---|---|---|---|---|---|---|---|---|---|---|---|---|---|
| Dewey Decimal Classification | Humboldt | Bogotá | Bogotá | 15/11/2001 | CID Humboldt | 2 | IAVH-918.0001 S66p | 014050 | 24/02/2015 | Ej. 1 | 04/12/2012 | Institucional | Libro | 1 | 24/02/2015 | |||||||
| Dewey Decimal Classification | Humboldt | Bogotá | Bogotá | 15/11/2001 | CID Humboldt | IAVH-918.0001 S66p | 014051 | 04/12/2012 | Ej. 2 | 04/12/2012 | Institucional | Libro | ||||||||||
| Dewey Decimal Classification | Humboldt | Bogotá | Bogotá | 15/11/2001 | CID Humboldt | 2 | IAVH-918.0001 S66p | 014052 | 04/12/2013 | Ej. 3 | 04/12/2012 | Institucional | Libro | 04/12/2013 | ||||||||
| Local | Audiovisual | Bogotá | Bogotá | 19/11/2013 | IAVH-00166 | 058838 | 19/11/2013 | Ej. 4 | 19/11/2013 | CD-ROM | ||||||||||||
| Local | Audiovisual | Bogotá | Bogotá | 20/11/2013 | IAVH-00166 | 058886 | 20/11/2013 | Ej. 5 | 20/11/2013 | CD-ROM | ||||||||||||
| Dewey Decimal Classification | Humboldt | Sala Fabio Quevedo | Sala Fabio Quevedo | 18/07/2014 | Instituto | IAVH-918.0001 S66p | 004119 | 04/12/2012 | Ej. 7 | 04/12/2012 | Libro | Inventariado 2017 | 30000.00 | |||||||||
| Dewey Decimal Classification | Humboldt | Sala Fabio Quevedo | Sala Fabio Quevedo | 16/09/2014 | Instituto | IAVH-918.0001 S66p | 004118 | 16/09/2014 | Ej. 6 | 16/09/2014 | Institucional | Libro | Inventariado 2017 | 30000.00 | ||||||||
| Local | Referencia | Villa de Leyva | Villa de Leyva | 25/04/2001 | CID Humboldt | IAVH-00166 | 004117 | 04/12/2012 | Ej. 1 | 04/12/2012 | Libro | |||||||||||
| Retirado | Local | Humboldt | Villa de Leyva | Villa de Leyva | 25/04/2001 | CID Humboldt | IAVH-00166 | 004232 | 04/12/2012 | Ej. 4 | 04/12/2012 | Informe Técnico | En revisión de inventario | |||||||||
| Local | Humboldt | Villa de Leyva | Villa de Leyva | 01/07/2004 | IAVH-00166 | 016268 | 04/12/2012 | Ej. 5 | 04/12/2012 | Informe Técnico |